| 000 | 00673nam a2200229Ia 4500 | ||
|---|---|---|---|
| 003 | OSt | ||
| 005 | 20250805161027.0 | ||
| 008 | 241129s9999||||xx |||||||||||||| ||und|| | ||
| 020 | _a9781032061573 | ||
| 037 | _aTextual | ||
| 040 |
_aRTL _beng _cRTL |
||
| 041 |
_aeng _2eng |
||
| 084 |
_aY9(W:5) R4 _qRTL |
||
| 100 |
_aWilhelm, Isaac _9725488 |
||
| 245 | 0 |
_aLogic for justice: An introduction to formal logic with an emphasis on political reform _cWilhelm Isaac |
|
| 260 |
_aLondon _bRoutledge _c2024 |
||
| 300 | _axv,241p. | ||
| 365 |
_aINR _bRs.3706.14 |
||
| 650 | _aPolitical Science | ||
| 942 |
_cTB _hY9(W:5) R4 _2CC _n0 |
||
| 999 |
_c1225118 _d1225118 |
||